000 00490nam a2200193Ia 4500
003 OSt
005 20250604112302.0
008 210210b1976 xxu||||| |||| 00| 0 eng d
040 _cAL
041 _aKannada
082 _aK894.3 CHIM
100 _aCHITRALEKHA
_dಚಿತ್ರಲೇಖಾ
_9212711
245 _aMradula
_bಮೃದುಲ
260 _aBengaluru
_bPrakasha Sahitya
_c1976
300 _aiv,140
690 _aKannada Fiction
_9212712
906 _a038678
942 _2ddc
_cBK
999 _c88767
_d88767